<?xml version="1.0" encoding="UTF-8"?>
<collection xmlns="http://www.loc.gov/MARC21/slim">
<record>
  <controlfield tag="001">170674</controlfield>
  <controlfield tag="005">20260429150229.0</controlfield>
  <datafield tag="037" ind1=" " ind2=" ">
    <subfield code="a">TAZ-TFM-2022-1429</subfield>
  </datafield>
  <datafield tag="041" ind1=" " ind2=" ">
    <subfield code="a">spa</subfield>
  </datafield>
  <datafield tag="100" ind1="1" ind2=" ">
    <subfield code="a">García Cazorla, Javier</subfield>
  </datafield>
  <datafield tag="242" ind1="0" ind2="0">
    <subfield code="a">What factors influence the (de-) motivating teaching style of physical education teachers? A circumplex model-based approach</subfield>
  </datafield>
  <datafield tag="245" ind1="0" ind2="0">
    <subfield code="a">¿Qué factores condicionan el estilo motivacional docente del profesorado de Educación Física? Un enfoque centrado en el modelo circular</subfield>
  </datafield>
  <datafield tag="260" ind1=" " ind2=" ">
    <subfield code="a">Zaragoza</subfield>
    <subfield code="b">Universidad de Zaragoza</subfield>
    <subfield code="c">2022</subfield>
  </datafield>
  <datafield tag="506" ind1=" " ind2=" ">
    <subfield code="a">by-nc-sa</subfield>
    <subfield code="b">Creative Commons</subfield>
    <subfield code="c">3.0</subfield>
    <subfield code="u">http://creativecommons.org/licenses/by-nc-sa/3.0/</subfield>
  </datafield>
  <datafield tag="520" ind1=" " ind2=" ">
    <subfield code="a">En los últimos años, un nuevo enfoque llamado modelo circular ha emergido en la literatura científica para comprender desde una perspectiva integradora y detallada las distintas conductas motivacionales que un docente de EF podría implementar en su aula. Dado que, la investigación sobre este modelo circular es muy escasa, y todavía más en EF, algunas preguntas sobre si los factores personales y/o motivacionales del profesorado pueden influir sobre las conductas docentes que propone dicho enfoque, todavía no se han respondido. Por ello, el presente TFM, en primer lugar, pretende examinar, hasta qué punto el género, la etapa y la experiencia, influye en el proceso motivacional del profesorado de EF y en las ocho conductas docentes propuestas por el modelo circular. En segundo lugar, el presente TFM pretende examinar los efectos predictivos de satisfacción y frustración de las necesidades psicológicas básicas (NPB) del profesorado de EF, sobre su motivación por la enseñanza, así como sobre las ocho conductas docentes propuestas por el modelo circular. Mediante un diseño selectivo y transversal, un total de 667 docentes de EF (Medad=37.86; DT=8.11; 63.7% hombres) con una experiencia media de 10.77±8.52 años, los cuales ejercían en Educación Primaria (54.7%) y Secundaria y Bachillerato (45.3%), participaron en el estudio. Los resultados señalaron que los docentes de género masculino, los que ejercían en Educación Secundaria y Bachillerato y aquellos con elevada experiencia, mostraban un perfil motivacional menos adaptativo, y unas conductas docentes caracterizadas por mayores rasgos de apoyo a la autonomía y mayores niveles de control y caos. Además, los resultados mostraron cómo la satisfacción de las NPB predijo positivamente la motivación autónoma y controlada, mientras que la frustración de las NPB predijo positivamente la motivación controlada y la desmotivación. Además, la motivación autónoma predijo positivamente las conductas motivacionales más adaptativas, mientras la motivación controlada y la desmotivación predijeron positivamente las conductas menos adaptativas. Los resultados encontrados subrayan la importancia de tener en cuenta algunos factores personales en la formación inicial y continua del profesorado de EF, así como la relevancia de que, el contexto de trabajo de dichos docentes facilite la satisfacción de las NPB, para desarrollar una motivación autónoma, que en última instancia favorezca conductas docentes asociadas a consecuencias positivas.&lt;br /></subfield>
  </datafield>
  <datafield tag="521" ind1=" " ind2=" ">
    <subfield code="a">Máster Universitario en Aprendizaje a lo largo de la vida en contextos multiculturales</subfield>
  </datafield>
  <datafield tag="540" ind1=" " ind2=" ">
    <subfield code="a">Derechos regulados por licencia Creative Commons</subfield>
  </datafield>
  <datafield tag="653" ind1="1" ind2=" ">
    <subfield code="a">Necesidades psicológicas básicas</subfield>
  </datafield>
  <datafield tag="653" ind1="1" ind2=" ">
    <subfield code="a">motivación</subfield>
  </datafield>
  <datafield tag="653" ind1="1" ind2=" ">
    <subfield code="a">conductas motivacionales docentes</subfield>
  </datafield>
  <datafield tag="653" ind1="1" ind2=" ">
    <subfield code="a">educación física.</subfield>
  </datafield>
  <datafield tag="700" ind1=" " ind2=" ">
    <subfield code="a">Abós Catalán, Ángel</subfield>
    <subfield code="e">dir.</subfield>
  </datafield>
  <datafield tag="700" ind1=" " ind2=" ">
    <subfield code="a">Murillo Pardo, Berta</subfield>
    <subfield code="e">dir.</subfield>
  </datafield>
  <datafield tag="710" ind1="2" ind2=" ">
    <subfield code="a">Universidad de Zaragoza</subfield>
    <subfield code="b">Expresión Musical, Plástica y Corporal</subfield>
    <subfield code="c">Didáctica de la Expresión Corporal</subfield>
  </datafield>
  <datafield tag="856" ind1="0" ind2=" ">
    <subfield code="f">735760@unizar.es</subfield>
  </datafield>
  <datafield tag="856" ind1="4" ind2=" ">
    <subfield code="s">571428</subfield>
    <subfield code="u">http://zaguan.unizar.es/record/170674/files/TAZ-TFM-2022-1429.pdf</subfield>
    <subfield code="y">Memoria (spa)</subfield>
  </datafield>
  <datafield tag="909" ind1="C" ind2="O">
    <subfield code="o">oai:zaguan.unizar.es:170674</subfield>
    <subfield code="p">driver</subfield>
    <subfield code="p">trabajos-fin-master</subfield>
  </datafield>
  <datafield tag="950" ind1=" " ind2=" ">
    <subfield code="a"></subfield>
  </datafield>
  <datafield tag="980" ind1=" " ind2=" ">
    <subfield code="a">TAZ</subfield>
    <subfield code="b">TFM</subfield>
    <subfield code="c">FEDU</subfield>
  </datafield>
  <datafield tag="999" ind1=" " ind2=" ">
    <subfield code="a">20221130211254.CREATION_DATE</subfield>
  </datafield>
  <datafield tag="951" ind1=" " ind2=" ">
    <subfield code="a">deposita:2026-04-29</subfield>
  </datafield>
</record>
</collection>